Missing Word: Three-Word TV Shows (A-Z) Quiz Stats

 Plays Quiz Updated Jul 20, 2018

Challenge
Share
Tweet
Embed
Score 0/25 Timer 03:00
0 Plays Today
TV Show Answer % Correct
Father Knows ____Best
97.8%
Lie to __Me
89.7%
The Twilight ____Zone
89.1%
The People's _____Court
85.7%
Curb Your __________Enthusiasm
84.7%
The Lone ______Ranger
84.6%
CSI: New ____York
83.1%
Mister Rogers' ____________Neighborhood
79%
Grace Under ____Fire
78.8%
Laverne and _______Shirley
78.1%
The Incredible ____Hulk
78.1%
The Good ____Wife
73.7%
Name That ____Tune
71.4%
TV Show Answer % Correct
Iron Chef _______America
69.9%
The $64,000 _______Question
69.7%
According to ___Jim
69.5%
The Outer ______Limits
66.4%
My Two _____Dads
65.7%
Welcome Back, ______Kotter
60.5%
The Fall ___Guy
52.7%
Rizzoli & _____Isles
51.7%
Star Trek: _______Voyager
45.4%
Gomer Pyle, _____U.S.M.C.
35.2%
The Bold ____Ones
26%
The Rat ______Patrol
20.5%

Today's Daily Dose

You're not logged in!

Compare scores with friends on all Sporcle quizzes.
Join for Free
OR
Log In

You Might Also Like...

Show Comments

Extras

Top Quizzes Today


Score Distribution

Your Account Isn't Verified!

In order to create a playlist on Sporcle, you need to verify the email address you used during registration. Go to your Sporcle Settings to finish the process.

Report this User

Report this user for behavior that violates our Community Guidelines.

Details: